[Event "ODJM B 2014"]
[Site "Magdeburg GER"]
[Date "2014.06.11"]
[Round "6"]
[White "Kleine, Jakob"]
[Black "Pahl, Erik"]
[Result "1/2-1/2"]
[Termination "normal"]
[Board "22"]
[WhiteElo "1198"]
[BlackElo "1028"]
[PlyCount "80"]
[WhiteFideId "12979821"]
[BlackFideId "16201272"]
[EventCountry "GER"]
[EventRounds "9"]
[EventType "swiss"]
[EventDate "2014.06.07"]

1. e4 e5 2. Nf3 Nc6 3. Bc4 Bc5 4. Nc3 Nf6 5. d3 d6 6. h3 O-O 7. Bg5 Be6 8. Bb3
h6 9. Bh4 Nd4 10. Nxd4 Bxd4 11. Qf3 Re8 12. Bxf6 Qxf6 13. Qxf6 gxf6 14. Rb1 c6
15. Ne2 Bb6 16. Ng3 Kh8 17. O-O Rg8 18. Kh2 d5 19. exd5 Bxd5 20. Bxd5 cxd5 21.
Nf5 Kh7 22. Ne7 Rgd8 23. g4 Rd7 24. Nf5 Rc8 25. c3 a5 26. Rbc1 Rdc7 27. f3 Ba7
28. h4 b5 29. Nd6 Ra8 30. Nxb5 Rb7 31. c4 dxc4 32. dxc4 Bd4 33. b3 a4 34. Rb1
axb3 35. axb3 Ra2+ 36. Kh3 Be3 37. h5 Bf4 38. Rh1 Rf2 39. Rbf1 Rb2 40. Rb1 Rf2
1/2-1/2

[Event "ODJM B 2014"]
[Site "Magdeburg GER"]
[Date "2014.06.11"]
[Round "6"]
[White "Franz, Franz Theodor"]
[Black "Yi, Wendy"]
[Result "0-1"]
[Termination "normal"]
[Board "23"]
[WhiteElo "1048"]
[BlackElo "1159"]
[PlyCount "104"]
[WhiteFideId "12992674"]
[BlackFideId "16224850"]
[EventCountry "GER"]
[EventRounds "9"]
[EventType "swiss"]
[EventDate "2014.06.07"]

1. e4 e5 2. Nf3 Nc6 3. Bc4 Bc5 4. c3 Nf6 5. d3 d6 6. Be3 Bb6 7. h3 Be6 8. Bb3
O-O 9. O-O Re8 10. Bc2 d5 11. Nbd2 h6 12. Nb3 Qd6 13. Qd2 Kh7 14. exd5 Bxd5 15.
d4+ Ne4 16. Nxe5 Nxe5 17. dxe5 Rxe5 18. f3 Bc4 19. Qxd6 Bxe3+ 20. Kh1 cxd6 21.
Bxe4+ f5 22. Bxf5+ Rxf5 23. Rfe1 Re5 24. Rad1 Bf2 25. Rxe5 dxe5 26. Rd2 Bg3 27.
Rd1 Re8 28. Rd2 e4 29. fxe4 Rxe4 30. Rd1 Re2 31. Nd2 Bd5 32. Nf3 Bxf3 33. gxf3
Rxb2 34. a3 Rb3 35. Kg2 Be5 36. Ra1 Rxc3 37. Ra2 Bd6 38. Rb2 b6 39. a4 Ra3 40.
Rd2 Bc5 41. Rd7 Rxa4 42. Kf1 a5 43. Ke1 Ra2 44. Re7 Bxe7 45. Kd1 b5 46. Kc1 b4
47. Kb1 Rh2 48. Ka1 a4 49. Kb1 b3 50. Kc1 a3 51. Kd1 b2 52. Ke1 b1=Q# 0-1

[Event "ODJM B 2014"]
[Site "Magdeburg GER"]
[Date "2014.06.11"]
[Round "6"]
[White "Fromm, Marius"]
[Black "Kostanyan, Hakob"]
[Result "0-1"]
[Termination "normal"]
[Board "24"]
[WhiteElo "899"]
[BlackElo "1178"]
[PlyCount "54"]
[WhiteFideId "12993190"]
[BlackFideId "12977683"]
[EventCountry "GER"]
[EventRounds "9"]
[EventType "swiss"]
[EventDate "2014.06.07"]

1. e4 e5 2. Nf3 Nc6 3. Nc3 Nf6 4. Bb5 a6 5. Ba4 Bc5 6. O-O O-O 7. d3 d6 8. Bg5
Be6 9. Nd5 Bxd5 10. exd5 Nd4 11. c3 Nf5 12. d4 exd4 13. cxd4 Bb6 14. Qd3 Ne7
15. Bxf6 gxf6 16. Bc2 Ng6 17. Nh4 Qd7 18. Nxg6 fxg6 19. Rfe1 Rae8 20. Qg3 Rxe1+
21. Rxe1 Bxd4 22. b3 Re8 23. Rxe8+ Qxe8 24. Bd3 g5 25. Qh3 Qe1+ 26. Bf1 Qxf2+
27. Kh1 Qg1# 0-1

[Event "ODJM B 2014"]
[Site "Magdeburg GER"]
[Date "2014.06.11"]
[Round "6"]
[White "Meinschien, Nick"]
[Black "Buller, Ian Joshua"]
[Result "0-1"]
[Termination "normal"]
[Board "25"]
[WhiteElo "996"]
[BlackElo "1244"]
[PlyCount "102"]
[WhiteFideId "12989673"]
[BlackFideId "12990655"]
[EventCountry "GER"]
[EventRounds "9"]
[EventType "swiss"]
[EventDate "2014.06.07"]

1. e4 c5 2. Nf3 d6 3. Bc4 g6 4. Nc3 Bg7 5. d3 Nf6 6. Bg5 O-O 7. O-O Nc6 8. Rb1
a6 9. Re1 h6 10. Bxf6 Bxf6 11. Ne2 Bg7 12. Nh4 e6 13. Nf3 d5 14. Bb3 b5 15. a3
c4 16. dxc4 dxc4 17. Qxd8 Rxd8 18. Ba2 Bb7 19. Ng3 Nd4 20. Nxd4 Rxd4 21. c3 Rd2
22. h3 Bxc3 23. bxc3 Rxa2 24. Ra1 Rxa1 25. Rxa1 Rd8 26. e5 Rd2 27. a4 b4 28.
cxb4 c3 29. Rc1 c2 30. Nf1 Re2 31. f3 Bd5 32. b5 axb5 33. axb5 Bb3 34. b6 Rxe5
35. Kf2 Rb5 36. Nd2 Ba4 37. Nc4 Rb4 38. Na3 Rxb6 39. Nxc2 Rb2 40. Kg3 Rxc2 41.
Re1 g5 42. Re4 Bc6 43. Re5 Bd5 44. Re3 f5 45. h4 f4+ 46. Kg4 fxe3 47. hxg5 hxg5
48. Kh5 e2 49. f4 e1=Q 50. Kg4 Rxg2+ 51. Kh3 Qh1# 0-1

[Event "ODJM B 2014"]
[Site "Magdeburg GER"]
[Date "2014.06.11"]
[Round "6"]
[White "Lilienthal, Niels Bennett"]
[Black "Schneider, Edward"]
[Result "1/2-1/2"]
[Termination "normal"]
[Board "26"]
[WhiteElo "1167"]
[BlackElo "1078"]
[PlyCount "86"]
[WhiteFideId "16205421"]
[BlackFideId "16200870"]
[EventCountry "GER"]
[EventRounds "9"]
[EventType "swiss"]
[EventDate "2014.06.07"]

1. e4 e5 2. Nf3 Nc6 3. Bb5 a6 4. Bxc6 dxc6 5. d3 f6 6. Be3 c5 7. Nc3 Be6 8. Ne2
Bd6 9. c3 c6 10. Qc2 Ne7 11. Rd1 Qc7 12. d4 b6 13. O-O O-O 14. Rd2 Qb7 15. Rfd1
h6 16. Ne1 Rac8 17. f4 exd4 18. cxd4 cxd4 19. Bxd4 c5 20. Be3 Bb8 21. f5 Bf7
22. Bf4 Bxf4 23. Nxf4 Qc7 24. Nd5 Qb7 25. Nf3 b5 26. g4 a5 27. h4 Nxd5 28. exd5
Rcd8 29. Qxc5 Qb8 30. d6 Rd7 31. g5 Rc8 32. Qd4 Rc4 33. Qd3 Rg4+ 34. Rg2 Qb6+
35. Kh2 Rxg2+ 36. Kxg2 Bxa2 37. g6 Bc4 38. Qe4 Qd8 39. Ne1 Rxd6 40. Rxd6 Qxd6
41. Qa8+ Qf8 42. Qxa5 Bd5+ 43. Kh3 Bc4 1/2-1/2

[Event "ODJM B 2014"]
[Site "Magdeburg GER"]
[Date "2014.06.11"]
[Round "6"]
[White "Katholy, Joshua"]
[Black "Bardorz, Stefan"]
[Result "0-1"]
[Termination "normal"]
[Board "27"]
[WhiteElo "1104"]
[BlackElo "1047"]
[PlyCount "96"]
[WhiteFideId "12990647"]
[BlackFideId "16245474"]
[EventCountry "GER"]
[EventRounds "9"]
[EventType "swiss"]
[EventDate "2014.06.07"]

1. e4 e5 2. Nf3 Nc6 3. Nc3 Nf6 4. Bc4 Nxe4 5. Bxf7+ Kxf7 6. Nxe4 d5 7. Ng3 e4
8. Ng1 Bd6 9. N1e2 Rf8 10. d3 exd3 11. Qxd3 Bxg3 12. hxg3 h6 13. Bd2 Kg8 14.
O-O-O Qf6 15. f4 Be6 16. Kb1 Ne7 17. Nd4 Bd7 18. Bc3 c5 19. Ne2 d4 20. Bd2 Nc6
21. Qf3 b5 22. Qd5+ Qe6 23. Qxe6+ Bxe6 24. Rhf1 Bg4 25. Rde1 g5 26. a3 Rae8 27.
Rf2 c4 28. c3 Bxe2 29. Rfxe2 Rxe2 30. Rxe2 gxf4 31. gxf4 d3 32. Re6 Na5 33.
Rxh6 Rf7 34. Rg6+ Kh7 35. Rg5 Nb3 36. Be3 Rd7 37. Rh5+ Kg6 38. Rh1 Re7 39. Bd4
d2 40. Rd1 a6 41. Kc2 Re2 42. g4 a5 43. Be5 Rg2 44. g5 Re2 45. Bd4 b4 46. a4
Kf5 47. Be5 Na1+ 48. Kb1 Re1 0-1

[Event "ODJM B 2014"]
[Site "Magdeburg GER"]
[Date "2014.06.11"]
[Round "6"]
[White "Wernecke, Tim"]
[Black "Maar, Patricia"]
[Result "1-0"]
[Termination "normal"]
[Board "29"]
[WhiteElo "990"]
[BlackElo "1093"]
[PlyCount "97"]
[WhiteFideId "12997137"]
[BlackFideId "12952630"]
[EventCountry "GER"]
[EventRounds "9"]
[EventType "swiss"]
[EventDate "2014.06.07"]

1. e4 c5 2. Nf3 Nc6 3. d4 cxd4 4. Nxd4 Nxd4 5. Qxd4 Nf6 6. Nc3 e6 7. Bc4 Qc7 8.
Nb5 Qa5+ 9. Qc3 Bb4 10. Nd6+ Kf8 11. O-O Bxc3 12. bxc3 Qxc3 13. Bf4 Nxe4 14.
Nxe4 Qxc4 15. Bd6+ Ke8 16. Rfe1 Qxc2 17. a4 a5 18. Ba3 Kd8 19. Nd6 Qg6 20. Re3
e5 21. Rg3 Qf6 22. Rf3 Qe6 23. Nxf7+ Kc7 24. Nxh8 e4 25. Rf4 Qe5 26. Rc1+ Kb8
27. Rf8 Ka7 28. Nf7 Qd4 29. Bc5+ Qxc5 30. Rxc5 Kb6 31. Rfxc8 Rxc8 32. Rxc8 Ka7
33. Nd6 Kb6 34. Nxe4 d5 35. Nc3 d4 36. Nd5+ Ka7 37. Kf1 h5 38. Ke2 g5 39. Kd3
g4 40. Kxd4 h4 41. Kc5 h3 42. gxh3 gxh3 43. f4 b6+ 44. Nxb6 Kb7 45. f5 Ka7 46.
f6 Kb7 47. f7 Ka7 48. Kc6 Ka6 49. Ra8# 1-0

[Event "ODJM B 2014"]
[Site "Magdeburg GER"]
[Date "2014.06.11"]
[Round "6"]
[White "Böse, Christina"]
[Black "Jäger, Gustav"]
[Result "0-1"]
[Termination "time forfeit"]
[Board "31"]
[WhiteElo "1356"]
[BlackElo "1152"]
[PlyCount "78"]
[WhiteFideId "12929654"]
[BlackFideId "12957364"]
[EventCountry "GER"]
[EventRounds "9"]
[EventType "swiss"]
[EventDate "2014.06.07"]

1. d4 e6 2. Nf3 Nf6 3. e3 b6 4. b3 Bb7 5. Bb2 Be7 6. Bd3 O-O 7. O-O c5 8. c4
Re8 9. Nbd2 Nc6 10. a3 d5 11. Ne5 Qc7 12. f4 Rad8 13. cxd5 Nxd5 14. Rf3 Nf6 15.
Rh3 cxd4 16. Bxh7+ Kf8 17. Bd3 dxe3 18. Rh8+ Ng8 19. Qh5 Bc5 20. Ndf3 Rd5 21.
Qh7 Ke7 22. Qxg7 Kd8 23. Rxg8 Nxe5 24. Rxe8+ Kxe8 25. Nxe5 Qe7 26. Qg8+ Qf8 27.
Bb5+ Ke7 28. Qxf8+ Kxf8 29. Nd7+ Ke7 30. Bf6+ Kd6 31. Nxc5 Kxc5 32. Be8 Rd2 33.
Rc1+ Kd6 34. Be5+ Ke7 35. Bxf7 Rxg2+ 36. Kf1 e2+ 37. Ke1 Rg1+ 38. Kxe2 Rxc1 39.
Bg6 Rg1 0-1

[Event "ODJM B 2014"]
[Site "Magdeburg GER"]
[Date "2014.06.11"]
[Round "6"]
[White "Röhr, Oliver"]
[Black "Schott, Jan"]
[Result "0-1"]
[Termination "normal"]
[Board "32"]
[WhiteElo "1245"]
[BlackElo "855"]
[PlyCount "32"]
[WhiteFideId "12987697"]
[EventCountry "GER"]
[EventRounds "9"]
[EventType "swiss"]
[EventDate "2014.06.07"]

1. d4 d5 2. c4 e5 3. dxe5 d4 4. e3 Bb4+ 5. Bd2 dxe3 6. Bxb4 exf2+ 7. Ke2
fxg1=N+ 8. Rxg1 Bg4+ 9. Ke1 Qxd1+ 10. Kf2 Qd4+ 11. Kg3 Qxg1 12. Kxg4 Qxf1 13.
g3 Nh6+ 14. Kh4 Qf5 15. h3 g5+ 16. Kh5 Qg6# 0-1

[Event "ODJM B 2014"]
[Site "Magdeburg GER"]
[Date "2014.06.11"]
[Round "6"]
[White "Kung, Fanny"]
[Black "Matuschak, Henry"]
[Result "0-1"]
[Termination "normal"]
[Board "33"]
[WhiteElo "1118"]
[BlackElo "1153"]
[PlyCount "92"]
[WhiteFideId "12987689"]
[EventCountry "GER"]
[EventRounds "9"]
[EventType "swiss"]
[EventDate "2014.06.07"]

1. e4 e5 2. Nf3 Nc6 3. Bc4 Nf6 4. Ng5 d5 5. exd5 Na5 6. d3 Nxc4 7. dxc4 Bc5 8.
O-O O-O 9. Nc3 h6 10. Nge4 Nxe4 11. Nxe4 Be7 12. b3 Bf5 13. Ng3 Bg6 14. Bb2 Bf6
15. Re1 Re8 16. Re3 Qd6 17. Qe2 Re7 18. a4 b6 19. Ba3 c5 20. dxc6 Qxc6 21. Bxe7
Bxe7 22. Rc1 Bg5 23. Qe1 Bxe3 24. Qxe3 Re8 25. a5 bxa5 26. Qxa7 Ra8 27. Qe3 f6
28. h3 a4 29. Qd2 axb3 30. cxb3 Rb8 31. Rc3 Qc7 32. Qb2 Qa5 33. Nf1 Bf7 34. Ne3
Qc5 35. Kf1 Qb4 36. g3 Be8 37. Qa2 Qxc3 38. Qa7 Qxb3 39. c5 Qd3+ 40. Kg1 Rb1+
41. Kh2 Bc6 42. g4 Rh1+ 43. Kg3 Rg1+ 44. Kh2 Qe4 45. Qb8+ Kh7 46. Kxg1 Qh1# 0-1

[Event "ODJM B 2014"]
[Site "Magdeburg GER"]
[Date "2014.06.11"]
[Round "6"]
[White "Groskurt, Benjamin"]
[Black "Schneider, Anna"]
[Result "1/2-1/2"]
[Termination "normal"]
[Board "34"]
[WhiteElo "1141"]
[BlackElo "734"]
[PlyCount "102"]
[BlackFideId "16200527"]
[EventCountry "GER"]
[EventRounds "9"]
[EventType "swiss"]
[EventDate "2014.06.07"]

1. e4 e5 2. Nf3 Nc6 3. Bc4 Bc5 4. c3 d6 5. h3 a6 6. d4 exd4 7. cxd4 Bb6 8. Be3
Ba5+ 9. Nc3 Nf6 10. e5 dxe5 11. dxe5 Qxd1+ 12. Rxd1 Ng8 13. O-O Nge7 14. Nd5
Be6 15. Nxc7+ Bxc7 16. Bxe6 fxe6 17. Bf4 O-O 18. Bh2 Rad8 19. Ng5 Bxe5 20. Nxe6
Bxh2+ 21. Kxh2 Rxd1 22. Rxd1 Rxf2 23. Rd7 Nf5 24. Rc7 Ne5 25. Rc5 Nd3 26. Rd5
Nxb2 27. Kg1 Ne7 28. Rd8+ Kf7 29. Kxf2 Kxe6 30. Rd2 Nc4 31. Rc2 b5 32. Kf3 Nf5
33. Kf4 Nce3 34. Re2 Kf6 35. g4 Nd5+ 36. Ke4 Nc3+ 37. Kd3 Nxe2 38. Kxe2 Nh4 39.
Kd3 Ke6 40. Kd4 Kd6 41. g5 h6 42. gxh6 gxh6 43. Kc3 a5 44. Kb3 Kc5 45. a3 b4
46. a4 Nf3 47. Kc2 Nd4+ 48. Kb2 Kc4 49. h4 b3 50. Ka3 Kc3 51. h5 Kc2 1/2-1/2

[Event "ODJM B 2014"]
[Site "Magdeburg GER"]
[Date "2014.06.11"]
[Round "6"]
[White "Friedrich, Laura"]
[Black "Höglauer, Jenny"]
[Result "1/2-1/2"]
[Termination "normal"]
[Board "35"]
[WhiteElo "1036"]
[BlackElo "1141"]
[PlyCount "128"]
[WhiteFideId "12952249"]
[BlackFideId "12982598"]
[EventCountry "GER"]
[EventRounds "9"]
[EventType "swiss"]
[EventDate "2014.06.07"]

1. e4 c5 2. Nf3 a6 3. a4 e6 4. Nc3 b6 5. d4 Bb7 6. Be2 cxd4 7. Nxd4 Bb4 8. Bd3
Nc6 9. Nb3 Ne5 10. Be3 Qc7 11. Bd2 Nf6 12. h3 Bxc3 13. Bxc3 Nxe4 14. Bxe4 Bxe4
15. O-O f6 16. Qe2 Qc6 17. Bxe5 fxe5 18. f3 Bxc2 19. Nd2 Bxa4 20. Qxe5 O-O 21.
Qd4 Bb5 22. Rfc1 Qd5 23. Qxd5 exd5 24. Nb3 Rac8 25. Nd4 Rxc1+ 26. Rxc1 Bd3 27.
Rd1 Bg6 28. Ne2 Rf5 29. Nc3 Bf7 30. Na4 b5 31. Nb6 Be6 32. Ra1 Re5 33. Rxa6
Re1+ 34. Kf2 Rb1 35. Ra2 d4 36. b3 Bxb3 37. Rd2 Rd1 38. Rxd1 Bxd1 39. Ke1 Bc2
40. Kd2 d3 41. Nxd7 b4 42. Nc5 Kf7 43. Nxd3 Bxd3 44. Kxd3 Kf6 45. Kc4 Kf5 46.
Kxb4 Kf4 47. Kc3 Kg3 48. Kd3 Kxg2 49. Ke4 Kxh3 50. Kf4 Kh4 51. Kf5 g6+ 52. Kf6
Kh5 53. f4 Kh6 54. Ke5 Kh5 55. f5 gxf5 56. Kxf5 Kh4 57. Kf4 h5 58. Kf3 Kh3 59.
Kf2 Kh2 60. Kf1 h4 61. Kf2 h3 62. Kf1 Kg3 63. Kg1 h2+ 64. Kh1 Kh3 1/2-1/2

[Event "ODJM B 2014"]
[Site "Magdeburg GER"]
[Date "2014.06.11"]
[Round "6"]
[White "Rößl, Mira"]
[Black "Maar, Felicitas"]
[Result "0-1"]
[Termination "normal"]
[Board "36"]
[WhiteElo "725"]
[BlackElo "1087"]
[PlyCount "116"]
[BlackFideId "12952648"]
[EventCountry "GER"]
[EventRounds "9"]
[EventType "swiss"]
[EventDate "2014.06.07"]

1. d4 d5 2. Nc3 Nf6 3. Bf4 a6 4. Nf3 Nc6 5. e3 Bd7 6. Bd3 e6 7. O-O Be7 8. Qe2
O-O 9. Bg5 h6 10. Bxf6 Bxf6 11. e4 Re8 12. exd5 exd5 13. Qd1 Bg4 14. Be2 Bxf3
15. Bxf3 Bxd4 16. Bxd5 Bf6 17. Ne4 Bxb2 18. Qh5 Re7 19. Rab1 Nb4 20. Rfd1 Rd7
21. c4 Nxd5 22. cxd5 Ba3 23. Rd3 Be7 24. Rf3 f6 25. Qg6 Rxd5 26. Nc3 Rg5 27.
Qd3 Qxd3 28. Rxd3 b6 29. Ne4 Ra5 30. Rbd1 Rxa2 31. h3 f5 32. Nc3 Rc2 33. Nd5
Bd6 34. Ne3 Rc5 35. Rd5 f4 36. Nf5 Rxd5 37. Rxd5 a5 38. Rd1 a4 39. Nxd6 cxd6
40. Ra1 b5 41. Kf1 b4 42. Ke1 b3 43. Kd1 b2 44. Rb1 a3 45. Rxb2 axb2 46. Kc2
Rb8 47. Kb1 d5 48. g4 Re8 49. Kxb2 Re2+ 50. Kc3 Rxf2 51. Kd4 Re2 52. Kd3 f3 53.
Kd4 f2 54. Kxd5 f1=Q 55. Kd4 Qd1+ 56. Kc5 Rc2+ 57. Kb6 Qb1+ 58. Ka6 Ra2# 0-1

[Event "ODJM B 2014"]
[Site "Magdeburg GER"]
[Date "2014.06.11"]
[Round "6"]
[White "Schulze, Lukas"]
[Black "Currenti, Alessandro"]
[Result "0-1"]
[Termination "normal"]
[Board "37"]
[WhiteElo "1243"]
[BlackElo "903"]
[PlyCount "72"]
[WhiteFideId "12956856"]
[BlackFideId "12998907"]
[EventCountry "GER"]
[EventRounds "9"]
[EventType "swiss"]
[EventDate "2014.06.07"]

1. e4 e5 2. Nf3 Nc6 3. Bc4 Nf6 4. O-O Bc5 5. d4 exd4 6. e5 Ng4 7. Re1 d3 8. Be3
Nxe3 9. fxe3 O-O 10. Qxd3 Nb4 11. Qd1 d6 12. Nc3 Bg4 13. exd6 cxd6 14. Rc1 Qf6
15. h3 Bxh3 16. gxh3 Rfe8 17. Qd2 Qh6 18. Kf2 Qxh3 19. Ng5 Qh2+ 20. Kf1 Qxd2
21. Bxf7+ Kh8 22. Bxe8 Rxe8 23. Nf3 Rf8 24. Re2 Rxf3+ 25. Kg2 Qxc1 26. Kxf3
Qf1+ 27. Rf2 Qh3+ 28. Kf4 Qxe3+ 29. Kg4 Qxf2 30. Ne4 Qg2+ 31. Ng3 Qxc2 32. Nf5
g6 33. Nh6 Qe4+ 34. Kg5 Be3+ 35. Kf6 Nd5+ 36. Kf7 Qe7# 0-1

[Event "ODJM B 2014"]
[Site "Magdeburg GER"]
[Date "2014.06.11"]
[Round "6"]
[White "Reyher, Bastian"]
[Black "Lohrmann, Linus"]
[Result "1-0"]
[Termination "normal"]
[Board "38"]
[WhiteElo "1059"]
[BlackElo "978"]
[PlyCount "151"]
[WhiteFideId "12927465"]
[BlackFideId "12982857"]
[EventCountry "GER"]
[EventRounds "9"]
[EventType "swiss"]
[EventDate "2014.06.07"]

1. e4 e5 2. Nf3 Nc6 3. Bc4 Bc5 4. c3 Nf6 5. d4 exd4 6. cxd4 Bb4+ 7. Bd2 Bxd2+
8. Nbxd2 d5 9. exd5 Nxd5 10. Bxd5 Qxd5 11. O-O Nb4 12. Qa4+ Bd7 13. Rae1+ Kf8
14. Qxb4+ Qd6 15. Qxd6+ cxd6 16. h3 Be6 17. Ng5 Bd7 18. Nc4 Bb5 19. b3 d5 20.
Rc1 Rc8 21. Rfe1 dxc4 22. bxc4 Bxc4 23. d5 h6 24. Nf3 b6 25. d6 Ba6 26. d7 Rd8
27. Rcd1 Bb5 28. Ne5 h5 29. h4 Rh6 30. Nf3 Bxd7 31. Ng5 Rg6 32. Nf3 Re6 33. Ne5
Ke7 34. Nf3 Rxe1+ 35. Rxe1+ Be6 36. Ng5 a5 37. f4 f5 38. Rxe6+ Kf8 39. Nh7+ Kg8
40. Ng5 b5 41. Kh2 a4 42. Ra6 g6 43. Rxg6+ Kf8 44. Nh7+ Kf7 45. Rb6 b4 46. Ng5+
Ke7 47. Re6+ Kf8 48. Nh7+ Kf7 49. Ng5+ Kg7 50. Re7+ Kg6 51. Re6+ Kg7 52. Re7+
Kg6 53. Rb7 Rd4 54. Rb6+ Kg7 55. Ne6+ Kf6 56. Nxd4+ Ke7 57. Nxf5+ Kd7 58. Rxb4
Ke6 59. Ng3 Kf6 60. Nxh5+ Kf5 61. Kh3 Kg6 62. Ng3 Kf6 63. Rb5 Ke6 64. f5+ Kf6
65. Kg4 Kg7 66. Rb6 Kf7 67. Kg5 a3 68. Rb7+ Ke8 69. Kf6 Kd8 70. Rh7 Kc8 71. Ke6
Kd8 72. Rg7 Kc8 73. Kd6 Kb8 74. Kc6 Ka8 75. Kb6 Kb8 76. Rg8# 1-0